(معروف مسلم سائنسدان)Maroof muslim sciencedan (Urdu) (Record no. 38893)
[ view plain ]
| 000 -LEADER | |
|---|---|
| fixed length control field | 00694nam a2200193Ia 4500 |
| 001 - CONTROL NUMBER | |
| control field | 39586 |
| 003 - CONTROL NUMBER IDENTIFIER | |
| control field | OSt |
| 005 - DATE AND TIME OF LATEST TRANSACTION | |
| control field | 20160311115256.0 |
| 008 - FIXED-LENGTH DATA ELEMENTS--GENERAL INFORMATION | |
| fixed length control field | 140423s9999 xx 000 0 und d |
| 020 ## - INTERNATIONAL STANDARD BOOK NUMBER | |
| International Standard Book Number | 9694770246 |
| 040 ## - CATALOGING SOURCE | |
| Transcribing agency | PK-LaUMT |
| 082 ## - DEWEY DECIMAL CLASSIFICATION NUMBER | |
| Classification number | 509.2 |
| Item number | URD-M |
| 110 ## - MAIN ENTRY--CORPORATE NAME | |
| Corporate name or jurisdiction name as entry element | Urdu Science Board |
| 245 ## - TITLE STATEMENT | |
| Title | (معروف مسلم سائنسدان)Maroof muslim sciencedan (Urdu) |
| Remainder of title | ( سواجح عمری سائنسی کارنامے)sawaneh aur sciensi karnamay) |
| Statement of responsibility, etc | (اردو سائینس بورڈ)Urdu Science Board |
| 260 ## - PUBLICATION, DISTRIBUTION, ETC. (IMPRINT) | |
| Place of publication, distribution, etc | (لاہور،پاکستان)Lahore,Pakistan: |
| Name of publisher, distributor, etc | (اردو سائینس بورڈ)Urdu Science Board, |
| Date of publication, distribution, etc | 2006 |
| 300 ## - PHYSICAL DESCRIPTION | |
| Extent | 1070 p. |
| 546 ## - LANGUAGE NOTE | |
| Language note | UR |
| 942 ## - ADDED ENTRY ELEMENTS (KOHA) | |
| Koha item type | Books |
| Source of classification or shelving scheme | Dewey Decimal Classification |
| Withdrawn status | Lost status | Damaged status | Not for loan | Home library | Current library | Date acquired | Total Checkouts | Full call number | Barcode | Date last seen | Date checked out | Price effective from | Koha item type | Source of classification or shelving scheme | Copy number |
|---|---|---|---|---|---|---|---|---|---|---|---|---|---|---|---|
| UMT Main Campus | UMT Main Campus | 2014-04-23 | 3 | 509.2 URD-M | 42610 | 2017-02-04 | 2017-01-28 | 2014-05-05 | Books | ||||||
| UMT Main Campus | UMT Main Campus | 2017-01-14 | 509.2 URD-M | 103960 | 2017-01-14 | 2017-01-14 | Books | Dewey Decimal Classification | C. 2 |
